[Event "HUN-chT2 Erkel 1516"]
[Site "Hungary"]
[Date "2015.12.06"]
[Round "6.5"]
[White "Hovanecz, Laszlo"]
[Black "Sillye, Kalman"]
[Result "0-1"]
[WhiteElo "2003"]
[BlackElo "2048"]
[PlyCount "81"]
[EventDate "2015.09.13"]
[EventType "team-tourn"]
[EventRounds "11"]
[EventCountry "HUN"]
[SourceTitle "EXT 2017"]
[Source "ChessBase"]
[SourceDate "2016.10.25"]
[SourceVersion "1"]
[SourceVersionDate "2016.10.25"]
[SourceQuality "1"]
[WhiteTeam "Paszto"]
[BlackTeam "GSBE"]
[WhiteTeamCountry "HUN"]
[BlackTeamCountry "HUN"]

1. e4 c5 2. Nf3 Nc6 3. d4 cxd4 4. Nxd4 Nf6 5. Nc3 d6 6. Bg5 e6 7. Qd2 Be7 8. 0-0-0 Nxd4 9. Qxd4 0-0 10. f4 Qa5 11. Kb1 Rd8 12. Be2 Bd7 13. Qd2 Qc7 14. Bd3 Bc6 15. Rhe1 h6 16. Bxf6 Bxf6 17. g4 a6 18. Ne2 Qb6 19. c3 Rac8 20. Rc1 d5 21. e5 Bh4 22. Rf1 Bf2 23. Nd4 Bxd4 24. cxd4 Bb5 25. Bxb5 Qxb5 26. f5 Rc4 27. fxe6 fxe6 28. g5 hxg5 29. Qxg5 Qd7 30. Rfd1 Rdc8 31. b3 Rxc1+ 32. Rxc1 Rf8 33. Qh4 Qf7 34. Rc2 b5 35. Kb2 b4 36. a3 a5 37. axb4 axb4 38. Qe1 Rb8 39. Qg3 Qa7 40. Kb1 Ra8 41. Rb2 0-1

[Event "HUN-chT2 Erkel 1516"]
[Site "Hungary"]
[Date "2015.09.13"]
[Round "1.4"]
[White "Hovanecz, Laszlo"]
[Black "Kormos, Andras"]
[Result "0-1"]
[WhiteElo "2003"]
[BlackElo "2079"]
[PlyCount "79"]
[EventDate "2015.09.13"]
[EventType "team-tourn"]
[EventRounds "11"]
[EventCountry "HUN"]
[SourceTitle "CBM 170 Extra"]
[Source "ChessBase"]
[SourceDate "2016.02.25"]
[SourceVersion "1"]
[SourceVersionDate "2016.02.25"]
[SourceQuality "1"]
[WhiteTeam "Paszto"]
[BlackTeam "Barcza BEAC"]
[WhiteTeamCountry "HUN"]
[BlackTeamCountry "HUN"]

1. e4 g6 2. d4 Bg7 3. f4 c5 4. Nf3 cxd4 5. Nxd4 Nc6 6. e5 f6 7. Nxc6 bxc6 8. Bd3 fxe5 9. f5 e4 10. Bxe4 Nf6 11. Bd3 gxf5 12. 0-0 e6 13. Nd2 Ng4 14. Qe2 0-0 15. c3 d5 16. h3 Ne5 17. Bc2 Qb6+ 18. Qf2 Qxf2+ 19. Rxf2 a5 20. Nb3 Nc4 21. Bd3 Nd6 22. Be3 a4 23. Bc5 axb3 24. Bxd6 Rxa2 25. Re1 Rd8 26. Be5 Bxe5 27. Rxe5 Ra1+ 28. Kh2 Rd1 29. Bf1 Bd7 30. g4 Rf8 31. c4 Rc1 32. cxd5 Rc2 33. Kg1 Rxf2 34. Kxf2 fxg4+ 35. Kg1 exd5 36. hxg4 Rf4 37. Be2 h6 38. Re3 Bxg4 39. Bxg4 Rxg4+ 40. Kf2 0-1

[Event "HUN-chT2 Erkel 1415"]
[Site "Hungary"]
[Date "2014.11.16"]
[Round "2.6"]
[White "Hovanecz, Laszlo"]
[Black "Nagy, Ervin"]
[Result "1/2-1/2"]
[WhiteElo "2017"]
[BlackElo "2243"]
[PlyCount "47"]
[EventDate "2014.09.28"]
[EventType "team-tourn"]
[EventRounds "9"]
[EventCountry "HUN"]
[SourceTitle "EXT 2016"]
[Source "ChessBase"]
[SourceDate "2015.10.08"]
[SourceVersion "1"]
[SourceVersionDate "2015.10.08"]
[SourceQuality "1"]
[WhiteTeam "Paszto"]
[BlackTeam "HASE"]
[WhiteTeamCountry "HUN"]
[BlackTeamCountry "HUN"]

1. e4 c5 2. Nf3 e6 3. d4 cxd4 4. Nxd4 Nf6 5. Nc3 d6 6. Be2 Be7 7. 0-0 0-0 8. Be3 a6 9. f4 Qc7 10. Qe1 Nc6 11. Kh1 Rb8 12. a4 b6 13. Qg3 Kh8 14. Rad1 Bb7 15. Bf3 Ng8 16. e5 Nh6 17. f5 Nxd4 18. Bxh6 Nxf5 19. Bxg7+ Kg8 20. Qf4 Kxg7 21. Bxb7 dxe5 22. Qg4+ Kh8 23. Be4 Rg8 24. Qh3 1/2-1/2

[Event "HUN-chT2 Erkel 0708"]
[Site "Hungary"]
[Date "2008.03.16"]
[Round "8"]
[White "Hovanecz, Laszlo"]
[Black "Zala, Gyula"]
[Result "0-1"]
[WhiteElo "2150"]
[BlackElo "2110"]
[PlyCount "64"]
[EventDate "2007.10.14"]
[EventType "team"]
[EventRounds "11"]
[EventCountry "HUN"]
[SourceTitle "EXT 2009"]
[Source "ChessBase"]
[SourceDate "2008.11.26"]
[SourceVersion "1"]
[SourceVersionDate "2008.11.26"]
[SourceQuality "1"]
[WhiteTeam "Paszto"]
[BlackTeam "Vaci"]
[WhiteTeamCountry "HUN"]
[BlackTeamCountry "HUN"]

1. e4 e5 2. Nf3 d5 3. exd5 e4 4. Qe2 Be7 5. Qxe4 Nf6 6. Bb5+ c6 7. dxc6 bxc6 8. Bxc6+ Kf8 9. Qa4 Nxc6 10. Qxc6 Rb8 11. 0-0 Ng4 12. Qe4 h5 13. d3 Bb7 14. Qd4 Qe8 15. Bf4 Rd8 16. Qxa7 Qc6 17. Qa5 Rd5 18. Qc7 Qa6 19. Nc3 Rc5 20. Qxe7+ Kxe7 21. Nd4 Rd8 22. Rae1+ Kf8 23. Nb3 Rf5 24. Be3 Qg6 25. Ne4 Bxe4 26. dxe4 Nxe3 27. Rxe3 Rg5 28. g3 h4 29. c4 h3 30. f4 Rg4 31. c5 Qf6 32. Re2 Qa6 0-1

[Event "HUN-chT2 Erkel 0708"]
[Site "Hungary"]
[Date "2008.03.02"]
[Round "7"]
[White "Hovanecz, Laszlo"]
[Black "Hotzi, Gyorgy"]
[Result "0-1"]
[WhiteElo "2150"]
[BlackElo "2108"]
[PlyCount "70"]
[EventDate "2007.10.14"]
[EventType "team"]
[EventRounds "11"]
[EventCountry "HUN"]
[SourceTitle "EXT 2009"]
[Source "ChessBase"]
[SourceDate "2008.11.26"]
[SourceVersion "1"]
[SourceVersionDate "2008.11.26"]
[SourceQuality "1"]
[WhiteTeam "Paszto"]
[BlackTeam "HMO"]
[WhiteTeamCountry "HUN"]
[BlackTeamCountry "HUN"]

1. e4 e5 2. Nf3 d6 3. d4 Nd7 4. Bc4 Be7 5. Bb3 Ngf6 6. Nc3 c6 7. a4 0-0 8. 0-0 exd4 9. Qxd4 Nc5 10. Ba2 Bg4 11. Nd2 Be6 12. Nb3 Nxb3 13. cxb3 Nd7 14. Be3 Qc7 15. f4 f5 16. Rfc1 Kh8 17. b4 Bxa2 18. Rxa2 fxe4 19. Qxe4 Nf6 20. Qf3 Qd7 21. b5 c5 22. Rd1 Qe6 23. Raa1 Rad8 24. Re1 Qf7 25. Qxb7 Rd7 26. Qc6 Rfd8 27. a5 Ng4 28. Bd2 Bf6 29. b6 Bd4+ 30. Kf1 Nxh2+ 31. Ke2 Ng4 32. Kd1 Qb3+ 33. Kc1 Nf2 34. Qxd7 Nd3+ 35. Kb1 Qxb2# 0-1

[Event "Eger Agria op"]
[Site "Eger"]
[Date "2004.07.25"]
[Round "9"]
[White "Hovanecz, Laszlo"]
[Black "Meszaros, Andras"]
[Result "0-1"]
[WhiteElo "2172"]
[BlackElo "2133"]
[PlyCount "42"]
[EventDate "2004.07.17"]
[EventType "swiss"]
[EventRounds "9"]
[EventCountry "HUN"]
[SourceTitle "EXT 2008"]
[Source "ChessBase"]
[SourceDate "2007.11.25"]
[SourceVersion "1"]
[SourceVersionDate "2007.11.25"]
[SourceQuality "1"]

1. e4 c5 2. Nf3 Nc6 3. d4 cxd4 4. Nxd4 Qc7 5. Nc3 e6 6. Ndb5 Qb8 7. f4 d6 8. Be3 Nf6 9. Be2 Be7 10. 0-0 0-0 11. Kh1 Rd8 12. Qe1 a6 13. Nd4 e5 14. Nxc6 bxc6 15. fxe5 dxe5 16. Qg3 Be6 17. Bg5 Kh8 18. Qh4 Qxb2 19. Rab1 Qxc3 20. Rb7 Rd7 21. Rxd7 Bxd7 0-1

[Event "Eger Agria op"]
[Site "Eger"]
[Date "2004.07.24"]
[Round "8"]
[White "Sandor, Tamas"]
[Black "Hovanecz, Laszlo"]
[Result "0-1"]
[WhiteElo "2046"]
[BlackElo "2172"]
[PlyCount "70"]
[EventDate "2004.07.17"]
[EventType "swiss"]
[EventRounds "9"]
[EventCountry "HUN"]
[SourceTitle "EXT 2008"]
[Source "ChessBase"]
[SourceDate "2007.11.25"]
[SourceVersion "1"]
[SourceVersionDate "2007.11.25"]
[SourceQuality "1"]

1. Nf3 Nf6 2. g3 g6 3. Bg2 Bg7 4. 0-0 0-0 5. c4 d6 6. d4 c5 7. Nc3 Nc6 8. d5 Na5 9. Nd2 e5 10. a3 b6 11. Qc2 Ng4 12. h3 Nh6 13. b4 Nb7 14. Nde4 f5 15. Ng5 e4 16. Bf4 Re8 17. Rad1 Nf7 18. Nxf7 Kxf7 19. h4 Bd7 20. b5 h6 21. f3 g5 22. hxg5 hxg5 23. Bc1 e3 24. Bh3 Qf6 25. Rd3 Qh6 26. Kg2 Rh8 27. Rh1 Bd4 28. Qd1 g4 29. Bxg4 Qxh1+ 30. Qxh1 Rxh1 31. Kxh1 fxg4 32. Bxe3 Bf5 33. Ne4 Bxe4 34. fxe4 Bxe3 35. Rxe3 Re8 0-1

[Event "Eger Agria op"]
[Site "Eger"]
[Date "2004.07.22"]
[Round "6"]
[White "Linattiniemi, Kari"]
[Black "Hovanecz, Laszlo"]
[Result "1/2-1/2"]
[WhiteElo "1956"]
[BlackElo "2172"]
[PlyCount "65"]
[EventDate "2004.07.17"]
[EventType "swiss"]
[EventRounds "9"]
[EventCountry "HUN"]
[SourceTitle "EXT 2008"]
[Source "ChessBase"]
[SourceDate "2007.11.25"]
[SourceVersion "1"]
[SourceVersionDate "2007.11.25"]
[SourceQuality "1"]

1. d4 Nf6 2. Nf3 g6 3. Bg5 h6 4. Bxf6 exf6 5. e3 Bg7 6. Bd3 d6 7. c3 Nd7 8. Nbd2 f5 9. Qb3 c6 10. 0-0 0-0 11. Qb4 Nf6 12. Rac1 b5 13. c4 a5 14. Qb3 b4 15. c5 d5 16. a4 Ne4 17. Qc2 Qe7 18. Be2 g5 19. Kh1 Re8 20. Nxe4 fxe4 21. Ng1 f5 22. Qd2 Ra7 23. Rce1 Qf6 24. f4 gxf4 25. Rxf4 Rf8 26. Nh3 h5 27. Rf2 Bh6 28. Nf4 Rg7 29. Nxh5 Qg6 30. Nxg7 Kxg7 31. g3 Rh8 32. Kg1 Bg5 33. Rg2 1/2-1/2

[Event "Eger Agria op"]
[Site "Eger"]
[Date "2004.07.21"]
[Round "5"]
[White "Hovanecz, Laszlo"]
[Black "Pavel, Miklos"]
[Result "0-1"]
[WhiteElo "2172"]
[BlackElo "2000"]
[PlyCount "56"]
[EventDate "2004.07.17"]
[EventType "swiss"]
[EventRounds "9"]
[EventCountry "HUN"]
[SourceTitle "EXT 2008"]
[Source "ChessBase"]
[SourceDate "2007.11.25"]
[SourceVersion "1"]
[SourceVersionDate "2007.11.25"]
[SourceQuality "1"]

1. e4 c5 2. Nf3 Nc6 3. d4 cxd4 4. Nxd4 Nf6 5. Nc3 e5 6. Ndb5 d6 7. Nd5 Nxd5 8. exd5 Nb8 9. c4 a6 10. Nc3 Be7 11. Be2 0-0 12. 0-0 f5 13. f4 Nd7 14. Rb1 Bf6 15. Qc2 Qe7 16. Re1 exf4 17. Bxf4 Be5 18. Bf3 g5 19. Bg3 g4 20. Bxe5 Nxe5 21. Be2 f4 22. Bd3 Qh4 23. Rxe5 dxe5 24. Be4 g3 25. h3 f3 26. Bxf3 Bxh3 27. gxh3 Rxf3 28. Qe4 Qxh3 0-1

[Event "Eger Agria op"]
[Site "Eger"]
[Date "2004.07.20"]
[Round "4"]
[White "Nagy, Bence"]
[Black "Hovanecz, Laszlo"]
[Result "1-0"]
[WhiteElo "2322"]
[BlackElo "2172"]
[PlyCount "55"]
[EventDate "2004.07.17"]
[EventType "swiss"]
[EventRounds "9"]
[EventCountry "HUN"]
[SourceTitle "EXT 2008"]
[Source "ChessBase"]
[SourceDate "2007.11.25"]
[SourceVersion "1"]
[SourceVersionDate "2007.11.25"]
[SourceQuality "1"]

1. e4 c5 2. Nf3 Nc6 3. d4 cxd4 4. Nxd4 Nf6 5. Nc3 e5 6. Ndb5 d6 7. Bg5 a6 8. Na3 b5 9. Bxf6 gxf6 10. Nd5 f5 11. Bd3 Be6 12. c3 Bg7 13. Qf3 f4 14. Nc2 Rc8 15. g3 h5 16. gxf4 exf4 17. Qxf4 Ne5 18. Be2 Bg4 19. Rd1 Bxe2 20. Kxe2 Nc4 21. b3 Nb6 22. Nce3 Be5 23. Qf5 Nd7 24. f4 Bxc3 25. Nxc3 Rxc3 26. Rxd6 Qc7 27. Rxd7 Qxd7 28. Qe5+ 1-0

[Event "Salgotarjan Balazs Memorial op"]
[Site "Salgotarjan"]
[Date "2002.08.09"]
[Round "8"]
[White "Hovanecz, Laszlo"]
[Black "Dobos, Jozsef"]
[Result "0-1"]
[WhiteElo "2173"]
[BlackElo "2311"]
[PlyCount "76"]
[EventDate "2002.08.02"]
[EventType "swiss"]
[EventRounds "9"]
[EventCountry "HUN"]
[SourceTitle "EXT 2008"]
[Source "ChessBase"]
[SourceDate "2007.11.25"]
[SourceVersion "1"]
[SourceVersionDate "2007.11.25"]
[SourceQuality "1"]

1. e4 g6 2. d4 Bg7 3. Nf3 d6 4. Be2 Nf6 5. Nc3 0-0 6. 0-0 c5 7. Re1 cxd4 8. Nxd4 Nc6 9. Be3 Bd7 10. Qd2 a6 11. f3 Re8 12. Kh1 Rc8 13. Nxc6 Bxc6 14. Nd5 Bxd5 15. exd5 Nd7 16. c3 Qa5 17. Red1 Ne5 18. Bh6 Bf6 19. f4 Nc4 20. Bxc4 Rxc4 21. Qe2 b5 22. a3 Qc7 23. h3 a5 24. Qe3 Qb7 25. Rd3 b4 26. axb4 axb4 27. Ra7 Qb8 28. Bg5 Bd4 29. cxd4 Qxa7 30. f5 Qa1+ 31. Kh2 Qxb2 32. Qe4 Qc2 33. f6 Rc3 34. Re3 Qxe4 35. Rxe4 e6 36. Bf4 b3 37. Re1 b2 38. Bxd6 Rc1 0-1

[Event "Salgotarjan Balazs Memorial op"]
[Site "Salgotarjan"]
[Date "2002.08.05"]
[Round "4"]
[White "Hovanecz, Laszlo"]
[Black "Smida, Laszlo"]
[Result "1-0"]
[WhiteElo "2173"]
[BlackElo "2098"]
[PlyCount "99"]
[EventDate "2002.08.02"]
[EventType "swiss"]
[EventRounds "9"]
[EventCountry "HUN"]
[SourceTitle "EXT 2008"]
[Source "ChessBase"]
[SourceDate "2007.11.25"]
[SourceVersion "1"]
[SourceVersionDate "2007.11.25"]
[SourceQuality "1"]

1. e4 e6 2. d4 d5 3. Nd2 Nc6 4. c3 dxe4 5. Nxe4 Nf6 6. Bd3 Be7 7. Nf3 b6 8. Qa4 Bd7 9. Bb5 Nb8 10. Nxf6+ Bxf6 11. Bf4 0-0 12. 0-0-0 Bxb5 13. Qxb5 c6 14. Qh5 Qd5 15. Qxd5 cxd5 16. g4 g6 17. h4 Nd7 18. Rde1 Bg7 19. g5 Rfe8 20. Rh3 f5 21. Nd2 e5 22. Rhe3 e4 23. Kb1 Rac8 24. h5 Kf7 25. h6 Bh8 26. f3 Nf8 27. fxe4 fxe4 28. Rf1 Ke7 29. Ree1 Ne6 30. Be3 Rf8 31. Rxf8 Rxf8 32. Rf1 Rf5 33. Kc2 a6 34. b3 b5 35. b4 Nc7 36. Ra1 Rf8 37. Kb3 Kd7 38. a4 Kc6 39. axb5+ axb5 40. Kc2 Kb6 41. Rf1 Rf5 42. Rxf5 gxf5 43. Bf4 Ne6 44. g6 hxg6 45. Be5 Bxe5 46. dxe5 Nf8 47. e6 Nxe6 48. h7 e3 49. Nf3 e2 50. h8Q 1-0

[Event "Salgotarjan Balazs Memorial op"]
[Site "Salgotarjan"]
[Date "1997.??.??"]
[Round "2"]
[White "Hovanecz, Laszlo"]
[Black "Portisch, Ferenc"]
[Result "1/2-1/2"]
[WhiteElo "2255"]
[BlackElo "2370"]
[PlyCount "41"]
[EventDate "1997.??.??"]
[EventType "swiss"]
[EventRounds "9"]
[EventCountry "HUN"]
[SourceTitle "EXT 2001"]
[Source "ChessBase"]
[SourceDate "2000.11.22"]
[SourceVersion "1"]
[SourceVersionDate "2000.11.22"]
[SourceQuality "1"]

1. e4 e6 2. d4 d5 3. Nd2 Nf6 4. e5 Ne4 5. Bd3 Nxd2 6. Bxd2 c5 7. c3 Qb6 8. Ne2 Nc6 9. 0-0 cxd4 10. cxd4 Nxd4 11. Nxd4 Qxd4 12. Bb5+ Bd7 13. Bxd7+ Kxd7 14. Qb3 Qb6 15. Qa4+ Qc6 16. Qf4 Be7 17. Rac1 Qb5 18. Qxf7 Raf8 19. Qh5 Rf5 20. Qg4 b6 21. b4 1/2-1/2

[Event "HUN-chT3"]
[Site "Hungary"]
[Date "1994.??.??"]
[Round "?"]
[White "Hovanecz, Laszlo"]
[Black "Tengely, Szabolcs"]
[Result "1-0"]
[WhiteElo "2350"]
[BlackElo "2195"]
[PlyCount "109"]
[EventDate "1994.??.??"]
[EventType "team"]
[EventRounds "9"]
[EventCountry "HUN"]
[SourceTitle "EXT 2001"]
[Source "ChessBase"]
[SourceDate "2000.11.22"]
[SourceVersion "1"]
[SourceVersionDate "2000.11.22"]
[SourceQuality "1"]

1. e4 c5 2. Nf3 d6 3. d4 cxd4 4. Nxd4 Nf6 5. Nc3 a6 6. Bg5 e6 7. f4 Nc6 8. Nxc6 bxc6 9. Qd4 c5 10. Qd2 h6 11. Bxf6 Qxf6 12. 0-0-0 Be7 13. Bc4 0-0 14. h4 Rb8 15. g4 g5 16. hxg5 hxg5 17. f5 Qe5 18. Qh2 Qxh2 19. Rxh2 Kg7 20. Rdh1 Kf6 21. Rh7 Rb4 22. Bxe6 fxe6 23. R1h6+ Ke5 24. Rxe7 Kf4 25. fxe6 Kxg4 26. Rf7 Re8 27. e7 Bb7 28. Rxd6 Bxe4 29. Rd8 Bc6 30. Nd5 Bxd5 31. Rxd5 Re4 32. Rg7 R8xe7 33. Rdxg5+ Kf4 34. Rxe7 Rxe7 35. Rxc5 Re6 36. Rd5 Ke4 37. Rd8 Rc6 38. b3 Ke5 39. Kb2 Ke6 40. c4 Ke7 41. Rd5 Rh6 42. Kc3 Rh2 43. a4 Rh6 44. Kb4 Rg6 45. Ka5 Rc6 46. Rd4 Ke6 47. b4 Ke5 48. Rh4 Rg6 49. b5 axb5 50. axb5 Kd6 51. Kb6 Kd7+ 52. Kb7 Kd6 53. Rh7 Rg4 54. Rc7 Rg5 55. c5+ 1-0

[Event "HUN-chT2 9293"]
[Site "Hungary"]
[Date "1993.??.??"]
[Round "?"]
[White "Balazs, Attila"]
[Black "Hovanecz, Laszlo"]
[Result "0-1"]
[WhiteElo "2225"]
[BlackElo "2340"]
[PlyCount "68"]
[EventDate "1992.??.??"]
[EventType "team"]
[EventRounds "12"]
[EventCountry "HUN"]
[SourceTitle "TD"]
[Source "ChessBase"]
[SourceDate "1994.03.01"]
[SourceVersion "1"]
[SourceVersionDate "1994.03.01"]
[SourceQuality "1"]

1. e4 c5 2. d4 cxd4 3. c3 d5 4. exd5 Qxd5 5. cxd4 Nc6 6. Nf3 e5 7. Nc3 Bb4 8. Bd2 Bxc3 9. Bxc3 e4 10. Ne5 Nxe5 11. dxe5 Ne7 12. Qa4+ Bd7 13. Qa3 Qe6 14. Bb4 Qxe5 15. Rd1 Bc6 16. Bc4 a5 17. Bd6 Qg5 18. h4 Qxg2 19. Rh2 Qg1+ 20. Kd2 Qg4 21. Bxe7 Qf4+ 22. Kc2 Qxh2 23. Qc5 Qc7 24. Bb5 Qxe7 25. Bxc6+ Kf8 26. Qxe7+ Kxe7 27. Bxb7 Rad8 28. Rg1 g6 29. Bxe4 Rd4 30. Re1 Rc8+ 31. Kb3 Kd6 32. h5 Re8 33. f3 f5 34. Kc3 Kc5 0-1

[Event "HUN-chT2 9293"]
[Site "Hungary"]
[Date "1993.??.??"]
[Round "?"]
[White "Farkas, Tibor"]
[Black "Hovanecz, Laszlo"]
[Result "1/2-1/2"]
[WhiteElo "2370"]
[BlackElo "2340"]
[PlyCount "35"]
[EventDate "1992.??.??"]
[EventType "team"]
[EventRounds "12"]
[EventCountry "HUN"]
[SourceTitle "TD"]
[Source "ChessBase"]
[SourceDate "1994.03.01"]
[SourceVersion "1"]
[SourceVersionDate "1994.03.01"]
[SourceQuality "1"]

1. e4 c5 2. Nf3 Nc6 3. d3 d6 4. g3 g6 5. Bg2 Bg7 6. 0-0 e6 7. c3 Nge7 8. Nbd2 0-0 9. a4 Rb8 10. Re1 e5 11. Nc4 h6 12. Rb1 Be6 13. Nfd2 a6 14. Ne3 Qd7 15. Nd5 b5 16. b4 cxb4 17. cxb4 Bh3 18. axb5 1/2-1/2

[Event "HUN-chT2 9293"]
[Site "Hungary"]
[Date "1993.??.??"]
[Round "?"]
[White "Hovanecz, Laszlo"]
[Black "Torok, Jozsef"]
[Result "0-1"]
[WhiteElo "2340"]
[BlackElo "2250"]
[PlyCount "62"]
[EventDate "1992.??.??"]
[EventType "team"]
[EventRounds "12"]
[EventCountry "HUN"]
[SourceTitle "TD"]
[Source "ChessBase"]
[SourceDate "1994.03.01"]
[SourceVersion "1"]
[SourceVersionDate "1994.03.01"]
[SourceQuality "1"]

1. e4 c5 2. Nf3 d6 3. d4 cxd4 4. Nxd4 Nf6 5. Nc3 g6 6. f4 Nc6 7. Nxc6 bxc6 8. e5 Nd7 9. Qf3 d5 10. Be2 Qb6 11. b3 Bg7 12. Be3 Qc7 13. 0-0 0-0 14. Na4 f6 15. e6 Nb6 16. f5 Nxa4 17. bxa4 gxf5 18. Qxf5 Qe5 19. Qxe5 fxe5 20. Rxf8+ Bxf8 21. Bg4 d4 22. Bg5 Rb8 23. Re1 h6 24. Bd2 Rb2 25. Bf5 Bg7 26. a3 c5 27. Ba5 Bb7 28. Bc7 e4 29. Bxe4 Bxe4 30. Rxe4 Rxc2 31. Rg4 d3 0-1

[Event "HUN-chT3"]
[Site "Hungary"]
[Date "1992.??.??"]
[Round "?"]
[White "Hovanecz, Laszlo"]
[Black "Dede, Erno"]
[Result "1-0"]
[WhiteElo "2340"]
[BlackElo "2215"]
[PlyCount "80"]
[EventDate "1992.??.??"]
[EventType "team"]
[EventRounds "5"]
[EventCountry "HUN"]
[SourceTitle "EXT 2001"]
[Source "ChessBase"]
[SourceDate "2000.11.22"]
[SourceVersion "1"]
[SourceVersionDate "2000.11.22"]
[SourceQuality "1"]

1. e4 Nf6 2. e5 Nd5 3. d4 d6 4. c4 Nb6 5. f4 dxe5 6. fxe5 Nc6 7. Be3 Bf5 8. a3 e6 9. Nf3 Bg4 10. Nbd2 Be7 11. Be2 0-0 12. 0-0 f6 13. exf6 Bxf6 14. Ne4 Qe8 15. Nxf6+ Rxf6 16. Ng5 Rxf1+ 17. Qxf1 Bxe2 18. Qxe2 h6 19. Nf3 Qh5 20. Re1 Re8 21. Bf2 Re7 22. b3 Nd7 23. b4 Nd8 24. Bg3 c6 25. Qd3 Re8 26. Nh4 g5 27. Ng6 Kg7 28. Ne5 Nxe5 29. Bxe5+ Kg8 30. Bf6 Nf7 31. d5 cxd5 32. cxd5 e5 33. d6 Re6 34. Be7 Qh4 35. Rf1 Kg7 36. Qf5 Qd4+ 37. Kh1 Nd8 38. Qf8+ Kg6 39. Qe8+ Kg7 40. Qxd8 Qd3 1-0